Housing in Asia : problems and perspectives (Record no. 411671)

000 -LEADER
fixed length control field 00482cam a22001577a 4500
008 - FIXED-LENGTH DATA ELEMENTS--GENERAL INFORMATION
fixed length control field 180718b1990 xxu||||| |||| 00| 0 eng d
020 ## - INTERNATIONAL STANDARD BOOK NUMBER
International Standard Book Number 8170331014
082 ## - DEWEY DECIMAL CLASSIFICATION NUMBER
Classification number XAx5 AL24
245 ## - TITLE STATEMENT
Title Housing in Asia : problems and perspectives
Statement of responsibility, etc. edited by Brian C. Aldrich And R.S. Sandhu
260 ## - PUBLICATION, DISTRIBUTION, ETC.
Place of publication, distribution, etc. Jaipur
Name of publisher, distributor, etc. Rawat
Date of publication, distribution, etc. 1990
300 ## - PHYSICAL DESCRIPTION
Extent xi,201p
650 ## - SUBJECT ADDED ENTRY--TOPICAL TERM
Topical term or geographic name entry element Housing policy --Southeast Asia.
650 ## - SUBJECT ADDED ENTRY--TOPICAL TERM
Topical term or geographic name entry element Housing policy --South Asia
700 ## - ADDED ENTRY--PERSONAL NAME
Personal name Sandhu, R.S.
700 ## - ADDED ENTRY--PERSONAL NAME
Personal name Aldrich, Brian C.
Holdings
Withdrawn status Lost status Damaged status Not for loan Permanent Location Current Location Date acquired Full call number Barcode Date last seen Price effective from Koha item type
        Indian Institute of Public Administration Indian Institute of Public Administration 2009-01-30 XAx5 AL24 DA6067 2018-07-21 2018-07-21 DA

Powered by Koha